Normal view
MARC view
- Slaves
Entry Topical Term
001 - CONTROL NUMBER
- control field: 300172
003 - CONTROL NUMBER IDENTIFIER
- control field: KE-NaSUL
005 - DATE AND TIME OF LATEST TRANSACTION
- control field: 20250827100908.0
008 - FIXED-LENGTH DATA ELEMENTS
- fixed length control field: 250827|| aca||aabn | a|a d
040 ## - CATALOGING SOURCE
- Original cataloging agency: KE-NaSUL
- Transcribing agency: KE-NaSUL
150 ## - HEADING--TOPICAL TERM
- Topical term or geographic name as entry element: Slaves
- Geographic subdivision: Kentucky
- General subdivision: Social conditions
- Chronological subdivision: 19th century
670 ## - SOURCE DATA FOUND
- Source citation: Work cat.: (KE-NaSUL)268539: Frederick, Francis, ca. 1805-ca. 1882. 300167, Slave life in Virginia and Kentucky, c2010.